| 000 | 02187cam a2200385 i 4500 | ||
|---|---|---|---|
| 001 | 200468132 | ||
| 003 | TR-AnTOB | ||
| 005 | 20260415164515.0 | ||
| 007 | ta | ||
| 008 | 260415s1925 nyu 000 d eng | ||
| 010 | _a 25020163 | ||
| 035 | _a(CLU)2160676-ucladb-Voyager | ||
| 035 |
_a(OCoLC)00224604 _z(OCoLC)1016373754 |
||
| 035 | _a(OCoLC)ocm00224604 | ||
| 035 | _a(EXLNZ-01UCS_NETWORK)9912819445206531 | ||
| 035 | _a(TR-AnTOB)200468132 | ||
| 040 |
_aDLC _beng _erda _cWSU _dOCL _dOCLCG _dCLU _dLEAUB _dOCLCQ _dOCLCF _dNLC _dLUE _dOCLCQ _dGILDS _dOCLCO _dOCLCA _dYBM _dOCL _dOCLCO _dOCLCQ _dOCLCO _dOCLCL _dOCLCQ _dYBM _dOCLCO _dOCLCL _dTR-AnTOB |
||
| 041 | 0 | _aeng | |
| 050 | 0 | 4 |
_aPR6025.A77 _bT7 1925 |
| 090 |
_aPR6025.A77 _bT7 1925 |
||
| 100 | 1 |
_aMasefield, John, _d1878-1967 _eauthor _4aut _0http://id.loc.gov/authorities/names/n80067094 _9153693 |
|
| 245 | 1 | 4 |
_aThe trial of Jesus / _cby John Masefield. |
| 264 | 1 |
_aNew York : _bThe Macmillan Company, _c1925. |
|
| 300 |
_a4 preliminary leaves, 116 pages ; _c20 cm |
||
| 336 |
_atext _btxt _2rdacontent |
||
| 337 |
_aunmediated _bn _2rdamedia |
||
| 338 |
_avolume _bnc _2rdacarrier |
||
| 520 | _aIn the drama, The Trial of Jesus, John Masefield has the centurion Longinus report to Pilate after the crucifixion of Jesus. Longinus had been the officer in charge of the execution, and after his official report, Procula, Pilate's wife calls the centurion to come and tell her how the prisoner had died. This was important to her because she had dreamed about Jesus the night before his death and tried to warn Pilate to let him go. After the centurion gives her the account of Jesus' death, she asks, "Do you think he is dead?" Longinus answers, "No, lady, I don't." "Then where is he?" asks Procula. Longinus replies, "Let loose in the world, lady, where neither Roman nor Jew can stop his truth." Indeed, Jesus is let loose in the world. His truth continues to change hearts and lives. | ||
| 600 | 0 | 0 |
_aJesus Christ _vDrama _0http://id.loc.gov/authorities/subjects/sh85070013 _9153694 |
| 650 | 0 |
_aMarried people _vDrama _95363 |
|
| 655 | 7 |
_aDrama _2lcgft _9153046 |
|
| 942 |
_2lcc _cBK |
||
| 999 |
_c200468132 _d86344 |
||